Flexible architecture that responds to change (Record no. 26583)
[ view plain ]
| 000 -LEADER | |
|---|---|
| fixed length control field | 00521nam a2200181Ia 4500 |
| 005 - DATE AND TIME OF LATEST TRANSACTION | |
| control field | 20250825153438.0 |
| 008 - FIXED-LENGTH DATA ELEMENTS--GENERAL INFORMATION | |
| fixed length control field | 231207s9999 xx 000 0 und d |
| 020 ## - INTERNATIONAL STANDARD BOOK NUMBER | |
| International Standard Book Number | 9781856694612 |
| 040 ## - CATALOGING SOURCE | |
| Transcribing agency | NCA Library |
| 082 ## - DEWEY DECIMAL CLASSIFICATION NUMBER | |
| Classification number | REF 728 |
| Item number | KRO |
| 100 ## - MAIN ENTRY--PERSONAL NAME | |
| Author Name | Kronenburg, Robert |
| 245 #0 - TITLE STATEMENT | |
| Title | Flexible architecture that responds to change |
| Statement of responsibility, etc. | Robert Kronenburg |
| 260 ## - PUBLICATION, DISTRIBUTION, ETC. | |
| Name of publisher, distributor, etc. | Laurence King Publishing |
| Place of publication, distribution, etc. | London |
| Date of publication, distribution, etc. | 2007 |
| 300 ## - PHYSICAL DESCRIPTION | |
| Pages | 239p |
| Other physical details | ill |
| 546 ## - LANGUAGE NOTE | |
| Language note | English |
| 650 ## - SUBJECT ADDED ENTRY--TOPICAL TERM | |
| Subject | Flexible architecture, Flexible homes, |
| 942 ## - ADDED ENTRY ELEMENTS (KOHA) | |
| Koha item type | Reference(Not for Loan) |
| 999 ## - | |
| -- | 26583 |
| -- | 26583 |
| Withdrawn status | Weedout from Library | Permanent Location | Current Location | Shelving location | Date acquired | Full call number | Barcode | Price effective from | Koha item type |
|---|---|---|---|---|---|---|---|---|---|
| NATIONAL COLLEGE OF ARTS, LAHORE - LIBRARY | NATIONAL COLLEGE OF ARTS, LAHORE - LIBRARY | Reference Section Ground Floor of Library | 08/12/2023 | REF 728 KRO 31005 | 31005 | 08/12/2023 | Reference(Not for Loan) | ||
| NATIONAL COLLEGE OF ARTS, RAWALPINDI CAMPUS - LIBRARY | NATIONAL COLLEGE OF ARTS, RAWALPINDI CAMPUS - LIBRARY | 03/10/2025 | KRO 728 RP006168 | RP006168 | 03/10/2025 | Reference(Not for Loan) | |||
| NATIONAL COLLEGE OF ARTS, RAWALPINDI CAMPUS - LIBRARY | NATIONAL COLLEGE OF ARTS, RAWALPINDI CAMPUS - LIBRARY | 03/10/2025 | KRO 728 RP008445 | RP008445 | 03/10/2025 | Reference(Not for Loan) |